000 00250nam a22000857a 4500
999 _c516325
_d516325
100 _aJain, L. C.
_922818
245 _aDevelopment initiatives of the people by the people, Vol. 2
_cL. C. Jain
260 _aNew Delhi
_bActionAid India
_c2006
300 _a80p.